000 00407nam a2200181Ia 4500
001 20227
005 20260306172750.0
008 260306t2017||||xx |||||||||||||| ||spa||
041 _aESP
082 _a343
_bQ48 T. 2
100 _aQuimper, José María
_eAUT
245 0 _aDerecho político general
260 _c2017
300 _a
_c
650 _aGEN
654 _aCDE
942 _cLIB
_dJUS
_fJUS
_2ddc
_n
999 _c20227
_d20227